Terytoria zależne których najmniejszy procent populacji to imigranci. - Statystyki

Ogólne statystyki
  • Ten quiz został rozwiązany 8 razy
  • Średni wynik to 7 z 15
Statystyki odpowiedzi
% Odpowiedź % Poprawnych
22.54 Gwadelupa
75%
26.89 Nowa Kaledonia
75%
13.94 Wyspy Owcze
75%
33.21 Gibraltar
63%
10.39 Grenlandia
63%
8.64 Portoryko
63%
30.89 Bermudy
50%
18.29 Martynika
50%
35.79 Niue
50%
14.72 Reunion
50%
10.71 Polinezja Francuska
38%
17.22 Saint-Pierre i Miquelon
25%
26.07 Wyspy Cooka
25%
27.62 Montserrat
13%
18.15 Wallis i Futuna
13%
Nie znaleziono quizów pasujących do podanych kryteriów
Rozkład punktacji
Procent ludzi z każdym wynikiem
Percentyl według liczby udzielonych odpowiedzi
Twoja historia wyników
Nie rozwiązałeś tego quizu